Legacy of Prescott, the £60,000 man (Record no. 77339)

MARC details
000 -LEADER
fixed length control field 01070cab a2200217 4500
001 - CONTROL NUMBER
control field ##L134035
008 - FIXED-LENGTH DATA ELEMENTS--GENERAL INFORMATION
fixed length control field 060704n2006 000 0 eng u
035 ## - SYSTEM CONTROL NUMBER
System control number (Sirsi) u134035
041 0# - LANGUAGE CODE
Language code of text/sound track or separate title eng
100 1# - MAIN ENTRY--PERSONAL NAME
Personal name Crates, Emma
245 00 - TITLE STATEMENT
Title Legacy of Prescott, the £60,000 man
260 ## - PUBLICATION, DISTRIBUTION, ETC.
Date of publication, distribution, etc. 2006
490 #0 - SERIES STATEMENT
Series statement Construction News
Volume/sequential designation (6973) 29 June 2006, 26-29(4)
520 ## - SUMMARY, ETC.
Summary, etc. Discusses the impact of the Design for Manufacture competition. Suggests that the competition has sparked interest in modular methods of construction, encouraged debate about design and prompted builders to focus on energy efficiency. Highlights the different construction methods used in the competition with brief case studies of the successful consortia, SixtyK Consortium, Barratt Developments plc, The Countryside Consortium, Persimmon, George Wimpey and William Verry.
590 ## - LOCAL NOTE (RLIN)
Local note IKA040706, KA
650 24 - SUBJECT ADDED ENTRY--TOPICAL TERM
Topical term or geographic name entry element Affordable housing
9 (RLIN) 6215
650 24 - SUBJECT ADDED ENTRY--TOPICAL TERM
Topical term or geographic name entry element DCLG DESIGN FOR MANUFACTURE COMPETITION
651 #4 - SUBJECT ADDED ENTRY--GEOGRAPHIC NAME
Geographic name England
Chronological subdivision 886-
690 ## - LOCAL SUBJECT ADDED ENTRY--TOPICAL TERM (OCLC, RLIN)
Topical term or geographic name as entry element BUILT ENVIRONMENT-CONSTRUCTION DESIGN
942 ## - ADDED ENTRY ELEMENTS (KOHA)
Suppress in OPAC 0
Holdings
Withdrawn status Lost status Source of classification or shelving scheme Damaged status Not for loan Home library Current library Shelving location Date acquired Total Checkouts Full call number Barcode Date last seen Copy number Price effective from Koha item type
    Dewey Decimal Classification     London London Journal article 04/07/2006   L134035 134035-1001 06/08/2019 1 06/08/2019 Journal article